000
00307nam a22001337a 4500
008
180926b xxu||||| |||| 00| 0 eng d
020
_a
9780195073867
041
_a
eng
080
_a
316
100
_a
50
101
_a
SOC
245
_a
Feminist Methods in Social Research
_c
Reinharz, Sh
942
_2
udc
_c
BK
999
_c
48501
_d
48501